000 00559nam a22002057a 4500
003 OSt
005 20220107122723.0
008 130828b xxu||||| |||| 00| 0 eng d
020 _a9780749467180
040 _cIIITM-K
082 _a650.11 CAU/H
100 _aCaunt, John
_92331
245 _aHow to organize yourself:
_bCreating success
_cby John Caunt
260 _aUK,
_bKogan Page,
_c2013.
300 _avii, 179p.
650 _aMANAGEMENT
_92332
650 _aPERSONNEL MANAGEMENT
_92336
650 _aORGANIZATIONAL MANAGEMENT
_92338
942 _2ddc
_cBK
999 _c3368
_d3368